<?xml version="1.0" encoding="UTF-8"?>
<record
    xmlns:xsi="http://www.w3.org/2001/XMLSchema-instance"
    xsi:schemaLocation="http://www.loc.gov/MARC21/slim http://www.loc.gov/standards/marcxml/schema/MARC21slim.xsd"
    xmlns="http://www.loc.gov/MARC21/slim">

  <leader>00337    a2200109   4500</leader>
  <controlfield tag="001">ART_17447</controlfield>
  <controlfield tag="005">20260410161923.0</controlfield>
  <controlfield tag="008">260409a                                 </controlfield>
  <datafield tag="245" ind1="1" ind2="0">
    <subfield code="a">Quasi-walrasian theories of unemployment</subfield>
  </datafield>
  <datafield tag="100" ind1="1" ind2=" ">
    <subfield code="a">Calvo, Guillermo A.</subfield>
  </datafield>
  <datafield tag="773" ind1="0" ind2=" ">
    <subfield code="t">The American Economic Review</subfield>
    <subfield code="g">- Vol. 69, N&#xBA; 2 (mayo 1979)</subfield>
    <subfield code="w">REV16190</subfield>
  </datafield>
  <datafield tag="999" ind1=" " ind2=" ">
    <subfield code="c">27870</subfield>
    <subfield code="d">27870</subfield>
  </datafield>
</record>
